Stati per produzione di pere - Statistics

Statistiche generali
  • Questo quiz è stato fatto 8 volte
  • Il punteggio medio è 14 su 15
Statistiche sulle risposte
Continente Produzione (tonnellate) Stato % Corretto
America del Sud 905 605 Argentina
100%
America del Sud 399 432 Cile
100%
Asia 19 499 487 Cina
100%
Asia 278 100 Giappone
100%
Asia 399 000 India
100%
Asia 254 599 Iran
100%
Europa 701 928 Italia
100%
Europa 366 131 Spagna
100%
America del Nord 738 770 Stati Uniti
100%
Africa 433 105 Sudafrica
100%
Asia / Europa 472 250 Turchia
100%
Africa 211 943 Algeria
80%
Europa 331 550 Belgio
80%
Europa 374 000 Paesi Bassi
80%
Asia 238 014 Corea del Sud
60%
Nessun quiz corrispondente trovato
Distribuzione punteggi
Percentuale di utenti per punteggio
Percentile per numero di risposta
I tuoi punteggi nel tempo
Non hai fatto questo quiz